00000000nam##2200000za#4500
0019.666737
003CaOODSP
00520220818080142
007ta
008150407|2005||||xxc|||||     f|0| 0 eng|d
020 |a0-662-69193-8
040 |aCaOODSP|beng
041 |aeng
041 |afre
043 |an-cn---
0861 |aIP54-3/2005
1102 |aOffice of the Privacy Commissioner of Canada.
24510|aLearning from a decade of experience : |bQuebec's Private Sector Privacy Act
260 |aOttawa - Ontario : |bOffice of the Privacy Commissioner of Canada |c2005.
300 |aEnglish text, xx, 41p. ; |c28 cm.
5203 |aThis report is mainly a summary of decisions rendered by the Commission d’accès à l’information under the Québec Private Sector Act (An Act respecting the protection of personal information in the private sector). It is intended to assist in the interpretation of similar legislation, particularly the federal Protection of Personal Information and Electronic Documents Act, as well as to inform possible amendments to this Act.
563 |aSpiral binding
590 |a05-46|b2005-11-18
69007|aPrivacy|2gcpds
7760#|tLeçons tirées de dix ans d'expérience : |w(CaOODSP)9.632132
7760#|tLearning from a decade of experience : |w(CaOODSP)9.687688
792 |tLeçons tirées de dix ans d'expérience : |efre|w(CaOODSP)9.666738